000 01159nam0a22002771 4500
001 rc\2003
005 20250620111044.0
010 _a5-209-009-05-X
_98000
035 _a(NLR Aleph) 005292555
090 _a6205327
_c6205327
100 _a20021204d1997 |||y0rusy50 ca
101 0 _arus
102 _aRU
105 _ay |||||||||
200 1 _aИстория Центрально-Черноземной области (1928-1934 гг.)
_eИсточники и историография
_fП.В. Загоровский
210 _aМ.
_cИзд-во РУДН
_d1997
215 _a111 с.
_d21
320 _aБиблиогр. в примеч. в конце глав.
320 _aПеречень справ. изд., применяемых при изуч. истории ЦЧО: с. 95-95
320 _aСписок осн. печат. работ Загоровского П.В. по истории Центр. - Чернозем. обл: с. 100-101
700 1 _aЗагоровский
_bП.В.
_gПавел Владимирович
801 0 _aRU
_bNLR
_gpsbo
801 1 _aRU
_bELAR
_2rusmarc
852 _aNLR
_j97-3/10964
942 _cBOOK
980 _aNB